Faculty of Law Library — Cairo University

Official Online Catalog

الإرهاب نحو نظرية عامة للحماية الجنائية للملاحة البحرية من الإرهاب البحرى : (Record no. 46348)

MARC details
000 -LEADER
fixed length control field 01216nam a2200325 i 4500
003 - CONTROL NUMBER IDENTIFIER
control field EG-GICUC
005 - DATE AND TIME OF LATEST TRANSACTION
control field 20260121101350.0
008 - FIXED-LENGTH DATA ELEMENTS--GENERAL INFORMATION
fixed length control field 251126s2013 ua ||||fr|||| 00| 0 ara d
017 ## - COPYRIGHT OR LEGAL DEPOSIT NUMBER
Copyright or legal deposit number 2012/17678
020 ## - INTERNATIONAL STANDARD BOOK NUMBER
International Standard Book Number 9789770471296
040 ## - CATALOGING SOURCE
Original cataloging agency EG-GICUC
Language of cataloging ara
Transcribing agency EG-GICUC
Modifying agency EG-GICUC
Description conventions rda
041 0# - LANGUAGE CODE
Language code of text/sound track or separate title ara
082 04 - DEWEY DECIMAL CLASSIFICATION NUMBER
Edition number 21
Classification number 343.435
Item number م ح . أ
092 04 - LOCALLY ASSIGNED DEWEY CALL NUMBER (OCLC)
Edition number 21
099 ## - LOCAL FREE-TEXT CALL NUMBER (OCLC)
Classification number Law1 10 343.435 م ح . أ 2013
100 0# - MAIN ENTRY--PERSONAL NAME
Personal name محمد عزت
Relator term مؤلف.
245 12 - TITLE STATEMENT
Title الإرهاب نحو نظرية عامة للحماية الجنائية للملاحة البحرية من الإرهاب البحرى :
Remainder of title "دراسة مقارنة" /
Statement of responsibility, etc. الدكتور محمد عزت.
264 #1 - PRODUCTION, PUBLICATION, DISTRIBUTION, MANUFACTURE, AND COPYRIGHT NOTICE
Place of production, publication, distribution, manufacture القاهرة :
Name of producer, publisher, distributor, manufacturer دار النهضة العربية،
Date of production, publication, distribution, manufacture, or copyright notice 2013.
300 ## - PHYSICAL DESCRIPTION
Extent 948 صفحة ؛
Dimensions 24 سم.
336 ## - CONTENT TYPE
Source rda content
Content type term text
337 ## - MEDIA TYPE
Source rda media
Media type term Computer
338 ## - CARRIER TYPE
Source rda carrier
Carrier type term Online Resource
504 ## - BIBLIOGRAPHY, ETC. NOTE
Bibliography, etc. note . 899-940 ببليوجرافيا: صفحات
546 ## - LANGUAGE NOTE
Language note النص باللغة العربية
650 14 - SUBJECT ADDED ENTRY--TOPICAL TERM
Topical term or geographic name entry element الإرهاب
650 14 - SUBJECT ADDED ENTRY--TOPICAL TERM
Topical term or geographic name entry element القانون الجنائي
856 40 - ELECTRONIC LOCATION AND ACCESS
Uniform Resource Identifier <a href="https://fll.law.cu.edu.eg/fulltext/bks/B10-06212.pdf">https://fll.law.cu.edu.eg/fulltext/bks/B10-06212.pdf</a>
905 ## - Cataloger and Reviser Names
Cataloger Name: Roqaia Ahmed
Revisor Name: Hassnaa
942 ## - ADDED ENTRY ELEMENTS (KOHA)
Source of classification or shelving scheme Dewey Decimal Classification
Koha item type Books
Edition 21
Suppress in OPAC No
Holdings
Withdrawn status Lost status Source of classification or shelving scheme Damaged status Not for loan Collection Home library Current library Date acquired Total checkouts Full call number Barcode Date last seen Copy number Price effective from Koha item type
    Dewey Decimal Classification   Not for loan القانون الجنائي جــــامعة القــاهرة مكتبة كلية الحقوق - المبنى الرئيسي 26.11.2025   Law1 10 343.435 م ح . أ 2013 1006212 C1 B10-06212 26.11.2025 1 26.11.2025 Books
    Dewey Decimal Classification     القانون الجنائي جــــامعة القــاهرة مكتبة كلية الحقوق - المبنى الرئيسي 26.11.2025   Law1 10 343.435 م ح . أ 2013 1006213 C2 B10-06213 26.11.2025 2 26.11.2025 Books
    Dewey Decimal Classification     القانون الجنائي جــــامعة القــاهرة مكتبة كلية الحقوق - فـرع الشيخ زايد 13.01.2026   Law2 10 343.431 م ح . إ 2013 1006803 C3 B10-06803 13.01.2026 3 13.01.2026 Books

© All rights reserved — Faculty of Law, Cairo University